World Capitals Which You Can Get By Typing Less Than 6 Letters - Statistics

General Stats
  • This quiz has been taken 383 times
  • The average score is 29 of 52
Answer Stats
Answer % Correct
Oslo
88%
Lima
87%
Rome
87%
Cairo
84%
Paris
83%
Bern
82%
Tokyo
82%
Riga
80%
Quito
78%
Doha
74%
Kiev
72%
Rabat
72%
Baku
71%
Accra
70%
Dili
70%
Minsk
70%
Tunis
70%
Apia
69%
Lome
69%
Seoul
69%
Abuja
68%
Dhaka
68%
Sana'a
68%
Suva
68%
Juba
66%
Vaduz
66%
Male
64%
Dakar
63%
Sofia
63%
Amman
62%
Hanoi
62%
Kabul
61%
La Paz
61%
Praia
59%
Yaren
51%
Sucre
50%
New Delhi
48%
Ottawa
34%
Tallinn
29%
Riyadh
28%
Vienna
28%
Tehran
27%
Taipei
23%
Ouagadougou
21%
Bandar Seri Begawan
18%
Bissau
18%
Roseau
16%
Sri Jayawardenapura Kotte
16%
Niamey
14%
Washington, D.C.
12%
Yaounde
10%
Nouakchott
5%
No matching quizzes found
Score Distribution
Percent of People with Each Score
Percentile by Number Answered
Your Score History
You have not taken this quiz